[Event "Talent CUP 2018 - A"]
[Site "?"]
[Date "2018.12.14"]
[Round "1.1"]
[White "Wasik, Mateusz"]
[Black "Frank, Adam"]
[Result "1-0"]
[WhiteElo "1693"]
[BlackElo "2152"]
[PlyCount "109"]
[EventDate "2018.??.??"]

1. e4 e5 2. Nf3 Nc6 3. Bc4 Nf6 4. d3 Be7 5. O-O d6 6. c3 O-O 7. Bb3 Na5 8. Bc2
c5 9. d4 cxd4 10. cxd4 Qc7 11. h3 Bd7 12. Bd2 Rac8 13. Bc3 Nc6 14. Re1 b5 15.
b4 Rfe8 16. Bb3 Bf8 17. Qd3 exd4 18. Nxd4 Ne5 19. Qd1 Nc4 20. Nd2 Nxd2 21. Bxd2
Rxe4 22. Rxe4 Nxe4 23. Qf3 Nf6 24. g4 Bc6 25. Qf5 Be4 26. Qxb5 d5 27. Qe2 Qe5
28. Qe3 Qb8 29. b5 Bc5 30. a4 Nd7 31. f4 Re8 32. Re1 Re6 33. Qc3 Re8 34. Be3
Qd6 35. Nc6 h6 36. Bxc5 Nxc5 37. Ne5 f6 38. Nf3 Nd3 39. Re3 Nxf4 40. Qc6 Nxh3+
41. Kg2 Nf4+ 42. Kg1 Qxc6 43. bxc6 Rc8 44. Rxe4 g5 45. Rxf4 gxf4 46. Bxd5+ Kf8
47. Nd4 Ke7 48. Nf5+ Kd8 49. Nd6 Rxc6 50. Bxc6 Kc7 51. Nb5+ Kxc6 52. Nxa7+ Kb6
53. Nc8+ Ka5 54. Kf2 Kxa4 55. Kf3 1-0

[Event "Talent CUP 2018 - A"]
[Site "?"]
[Date "2018.12.14"]
[Round "1.2"]
[White "Stalmach, Richard"]
[Black "Sevcikova, Lucia"]
[Result "1-0"]
[WhiteElo "2122"]
[BlackElo "1690"]
[PlyCount "99"]
[EventDate "2018.??.??"]

1. d4 d5 2. c4 e6 3. Nf3 Nf6 4. Nc3 Be7 5. Bg5 Nbd7 6. e3 O-O 7. Rc1 a6 8. cxd5
exd5 9. Bd3 h6 10. Bf4 c6 11. O-O Nh5 12. Ne5 Nxf4 13. exf4 Re8 14. Qh5 Nxe5
15. fxe5 Qb6 16. Ne2 Qxb2 17. f4 Qxa2 18. Rc2 Qa5 19. f5 Bg5 20. h4 Be3+ 21.
Kh2 c5 22. Rxc5 Qd2 23. Rc7 Rf8 24. e6 Qxd3 25. Rxf7 Rxf7 26. Qxf7+ Kh7 27.
Qg6+ Kg8 28. Qf7+ Kh7 29. f6 Qg6 30. fxg7 Qxg7 31. Qe8 Bxe6 32. Qxe6 Rf8 33.
Rxf8 Qxf8 34. Qxe3 Qd6+ 35. Qf4 Qe7 36. Qf5+ Kg7 37. Qg4+ Kh7 38. Nf4 Qd6 39.
Qf5+ Kg7 40. Kh1 Qe7 41. Qg6+ Kh8 42. Qxh6+ Kg8 43. Qg5+ Qxg5 44. hxg5 b5 45.
Nxd5 a5 46. Nc3 b4 47. Na4 Kg7 48. d5 Kg6 49. d6 Kf7 50. g6+ 1-0

[Event "Talent CUP 2018 - A"]
[Site "?"]
[Date "2018.12.14"]
[Round "1.3"]
[White "Subjakova, Kristina"]
[Black "Mica, Marek"]
[Result "0-1"]
[WhiteElo "1677"]
[BlackElo "2115"]
[PlyCount "60"]
[EventDate "2018.??.??"]

1. e4 c6 2. c4 d5 3. cxd5 cxd5 4. exd5 Nf6 5. d4 Nxd5 6. Nc3 e6 7. a3 Be7 8.
Bb5+ Bd7 9. Nxd5 Bxb5 10. Nxe7 Qxe7 11. Ne2 Nc6 12. Be3 O-O 13. O-O Rfd8 14.
Re1 Bxe2 15. Rxe2 Qf6 16. Rd2 Rd5 17. Qg4 Rad8 18. Rad1 h5 19. Qe4 h4 20. Qg4
Na5 21. Qe4 Nc4 22. Rc2 b5 23. h3 e5 24. Qg4 exd4 25. Bf4 d3 26. Rcc1 Nxb2 27.
Rd2 Nc4 28. Rdd1 Ne5 29. Qg5 Nf3+ 30. gxf3 Rxg5+ 0-1

[Event "Talent CUP 2018 - A"]
[Site "?"]
[Date "2018.12.14"]
[Round "1.4"]
[White "Bochnicka, Vladimir"]
[Black "Kurek, Pavel"]
[Result "1-0"]
[WhiteElo "2106"]
[BlackElo "1633"]
[PlyCount "45"]
[EventDate "2018.??.??"]

1. e4 c5 2. Nf3 e6 3. d4 cxd4 4. Nxd4 Nc6 5. Nc3 Nf6 6. Ndb5 d6 7. Bf4 e5 8.
Bg5 Be7 9. Bxf6 Bxf6 10. Nxd6+ Kf8 11. Nxc8 Rxc8 12. Nd5 Bg5 13. c3 Qa5 14. Qg4
Qd8 15. Rd1 Nd4 16. cxd4 Qa5+ 17. b4 Bd2+ 18. Rxd2 Rc1+ 19. Rd1 Rxd1+ 20. Qxd1
Qxa2 21. Qc1 g6 22. Bc4 Qa4 23. Qh6+ 1-0

[Event "Talent CUP 2018 - A"]
[Site "?"]
[Date "2018.12.14"]
[Round "1.5"]
[White "Nemec, Jachym"]
[Black "Gnojek, Petr"]
[Result "0-1"]
[WhiteElo "1614"]
[BlackElo "2029"]
[PlyCount "130"]
[EventDate "2018.??.??"]

1. d4 f5 2. Nc3 d5 3. Bf4 a6 4. Nf3 e6 5. e3 c5 6. Be2 Nf6 7. O-O Nc6 8. a3 c4
9. Ne5 Nxe5 10. Bxe5 Be7 11. b4 O-O 12. f4 Nd7 13. Bf3 Nxe5 14. dxe5 a5 15. Rb1
Qb6 16. Qd4 Qxd4 17. exd4 axb4 18. axb4 Bd7 19. Nxd5 exd5 20. Bxd5+ Kh8 21.
Bxc4 Rfc8 22. Bb3 Bb5 23. Rfd1 Bc4 24. d5 Bxb3 25. Rxb3 Rxc2 26. d6 Bd8 27. e6
Bb6+ 28. Kh1 Re2 29. e7 Kg8 30. Rc3 Kf7 31. h3 Re8 32. d7 R8xe7 33. d8=Q Bxd8
34. Rxd8 R2e4 35. Rd5 g6 36. b5 Ke6 37. Rcd3 Rxf4 38. Rd6+ Kf7 39. Kh2 Rfe4 40.
Rd2 R4e6 41. R6d4 Re5 42. Rb4 Ke6 43. Kg3 Rd5 44. Rc2 Kd6 45. Rb1 Rc7 46. Re2
Rcc5 47. Reb2 Kc7 48. Re2 Rxb5 49. Re7+ Kc6 50. Rxb5 Rxb5 51. Rxh7 Rd5 52. Rg7
Rd6 53. Re7 b5 54. Kf3 Kd5 55. Rc7 b4 56. Ke2 Rc6 57. Rd7+ Kc4 58. Kd2 Kb3 59.
g4 fxg4 60. hxg4 Rc4 61. Rd3+ Ka2 62. g5 b3 63. Rd8 b2 64. Ra8+ Kb3 65. Rb8+
Rb4 0-1

[Event "Talent CUP 2018 - A"]
[Site "?"]
[Date "2018.12.14"]
[Round "2.1"]
[White "Paseka, Matyas"]
[Black "Stalmach, Richard"]
[Result "1/2-1/2"]
[WhiteElo "1896"]
[BlackElo "2122"]
[PlyCount "140"]
[EventDate "2018.??.??"]

1. e4 c5 2. Nf3 e6 3. d4 cxd4 4. Nxd4 Nf6 5. Nc3 Nc6 6. Ndb5 Bc5 7. Nd6+ Ke7 8.
Bf4 e5 9. Nf5+ Kf8 10. Bg5 h6 11. Bxf6 Qxf6 12. Nd5 Qd8 13. Bc4 g6 14. Ng3 Kg7
15. O-O d6 16. c3 a6 17. a4 h5 18. b4 Ba7 19. h3 Qg5 20. Kh2 h4 21. Ne2 Be6 22.
Qd3 Rac8 23. Ba2 f5 24. b5 fxe4 25. Qxe4 Nd8 26. f4 Qh5 27. Rf3 Bf5 28. Qb4 Bc5
29. Qb2 Be4 30. Rff1 Ne6 31. bxa6 bxa6 32. Qd2 Rhf8 33. Rae1 Rce8 34. Bc4 a5
35. Bb5 Rd8 36. Bc4 Rde8 37. Bb5 Rd8 38. Bc4 Kh7 39. Bb3 Rde8 40. Bc4 Rb8 41.
Bb5 exf4 42. Nexf4 Nxf4 43. Nxf4 Qe5 44. Kh1 Rxb5 45. axb5 g5 46. Qe2 d5 47.
Nd3 Qxc3 48. Nxc5 Rxf1+ 49. Rxf1 Qxc5 50. Qh5+ Kg7 51. Qf7+ Kh8 52. Qf6+ Kh7
53. Qf7+ Kh8 54. Qf8+ Qxf8 55. Rxf8+ Kg7 56. Ra8 Kf6 57. b6 d4 58. Rxa5 d3 59.
Ra1 Ke5 60. Kg1 Kd4 61. Kf2 d2 62. Rd1 Kd3 63. Ra1 Bd5 64. Kf1 Bc6 65. Kf2 Bd5
66. Kf1 Bb7 67. Kf2 Kc2 68. g3 d1=Q 69. Rxd1 Kxd1 70. gxh4 gxh4 1/2-1/2

[Event "Talent CUP 2018 - A"]
[Site "?"]
[Date "2018.12.14"]
[Round "2.2"]
[White "Mica, Marek"]
[Black "Warchol, Bartosz"]
[Result "1-0"]
[WhiteElo "2115"]
[BlackElo "1975"]
[PlyCount "81"]
[EventDate "2018.??.??"]

1. d4 d5 2. c4 c6 3. Nc3 Nf6 4. Nf3 dxc4 5. a4 Bf5 6. e3 e6 7. Bxc4 Bb4 8. O-O
O-O 9. Qe2 Nbd7 10. Bd2 Qe7 11. e4 Bg4 12. h3 Bh5 13. e5 Nd5 14. Bd3 Bg6 15.
Bxg6 hxg6 16. Qe4 Rfc8 17. g3 Nf8 18. Qd3 Nxc3 19. bxc3 Ba5 20. Ng5 c5 21. Ne4
cxd4 22. cxd4 Bxd2 23. Qxd2 Rc6 24. Nd6 Rxd6 25. exd6 Qxd6 26. Rab1 b6 27. Qb4
Qd5 28. Rfc1 Rd8 29. Rc7 Rd7 30. Rbc1 Qxd4 31. Qxd4 Rxd4 32. Rc8 Rd7 33. R1c7
Rxc7 34. Rxc7 e5 35. Rxa7 Ne6 36. Ra8+ Kh7 37. Rc8 Nc5 38. Rxc5 bxc5 39. a5 c4
40. Kf1 c3 41. Ke2 1-0

[Event "Talent CUP 2018 - A"]
[Site "?"]
[Date "2018.12.14"]
[Round "2.3"]
[White "Nytra, Ondrej"]
[Black "Bochnicka, Vladimir"]
[Result "1-0"]
[WhiteElo "1849"]
[BlackElo "2106"]
[PlyCount "141"]
[EventDate "2018.??.??"]

1. e4 c5 2. Nf3 Nc6 3. d4 cxd4 4. Nxd4 Nf6 5. Nc3 e5 6. Ndb5 d6 7. Bg5 a6 8.
Na3 b5 9. Nd5 Be7 10. Bxf6 Bxf6 11. Be2 O-O 12. c3 Bg5 13. O-O Ne7 14. Nc2 Be6
15. a4 Nxd5 16. exd5 Bd7 17. axb5 axb5 18. Nb4 Qb6 19. Qb3 Kh8 20. Nc6 Bxc6 21.
dxc6 Qxc6 22. Bxb5 Qb6 23. Qd5 Rab8 24. c4 Qc5 25. Rfd1 Rfd8 26. Ra6 Be7 27. g3
g6 28. Qxc5 dxc5 29. Rxd8+ Rxd8 30. Ra7 Bg5 31. h4 Bc1 32. Rxf7 Bxb2 33. Bc6
Kg8 34. Re7 Rf8 35. Bd5+ Kh8 36. Kg2 Bd4 37. f3 Bc3 38. g4 Bd4 39. g5 Bc3 40.
h5 Bd4 41. hxg6 hxg6 42. Bf7 Be3 43. Bxg6 Bf4 44. Be4 Bxg5 45. Rxe5 Be3 46. Re7
Rg8+ 47. Kf1 Rg7 48. Re8+ Rg8 49. Re5 Rg5 50. Re6 Kg7 51. Bd5 Bd4 52. Re7+ Kf6
53. Rf7+ Kg6 54. Rd7 Kf5 55. Rf7+ Kg6 56. Rd7 Kf5 57. Ke2 Kf4 58. Kd3 Re5 59.
Be4 Bb2 60. Rf7+ Kg3 61. Kc2 Bd4 62. Kb3 Re6 63. Ka4 Rf6 64. Rb7 Kf4 65. Kb5
Ke5 66. Rd7 Rd6 67. f4+ Ke6 68. Bf5+ Kxf5 69. Rxd6 Kxf4 70. Rd5 Ke4 71. Rxc5
1-0

[Event "Talent CUP 2018 - A"]
[Site "?"]
[Date "2018.12.14"]
[Round "2.4"]
[White "Gnojek, Petr"]
[Black "Walterova, Ema"]
[Result "1-0"]
[WhiteElo "2029"]
[BlackElo "1728"]
[PlyCount "72"]
[EventDate "2018.??.??"]

1. d4 d5 2. Nf3 Nf6 3. c4 e6 4. Nc3 Nbd7 5. Bg5 Be7 6. e3 O-O 7. Qc2 c6 8. cxd5
Nxd5 9. Bxe7 Qxe7 10. Nxd5 exd5 11. Bd3 h6 12. O-O Nf6 13. Rae1 Qd6 14. Ne5 Ng4
15. f4 Nf6 16. h3 Re8 17. g4 Nd7 18. Rf3 Nxe5 19. fxe5 Qe7 20. Ref1 Be6 21.
Bh7+ Kh8 22. Bf5 Qg5 23. Qf2 Qd8 24. Bxe6 fxe6 25. Rf7 b6 26. Rxg7 Kxg7 27.
Qf7+ Kh8 28. Rf6 Qxf6 29. exf6 Rg8 30. Qh5 Kh7 31. Qf7+ Kh8 32. Qxe6 Rg6 33.
Qe7 Rgg8 34. f7 Rgf8 35. Qf6+ Kh7 36. h4 Rh8 1-0

[Event "Talent CUP 2018 - A"]
[Site "?"]
[Date "2018.12.14"]
[Round "2.5"]
[White "Sebesta, Jan"]
[Black "Dylag, Emilia"]
[Result "0-1"]
[WhiteElo "1711"]
[BlackElo "2015"]
[PlyCount "48"]
[EventDate "2018.??.??"]

1. e4 c5 2. c3 Nf6 3. e5 Nd5 4. d4 cxd4 5. cxd4 Nc6 6. Nc3 Nxc3 7. bxc3 d6 8.
exd6 Qxd6 9. Nf3 Bg4 10. Be2 e6 11. O-O Be7 12. Rb1 b6 13. Qa4 O-O 14. Re1 Bf5
15. Ra1 Rfd8 16. Bg5 f6 17. Bh4 Na5 18. Bg3 Qa3 19. Qxa3 Bxa3 20. Nh4 Bb2 21.
Bf3 Bxa1 22. Bxa8 Bxc3 23. Rc1 Bb2 24. Nxf5 Bxc1 0-1

[Event "Talent CUP 2018 - A"]
[Site "?"]
[Date "2018.12.14"]
[Round "2.6"]
[White "Sandor, Martin"]
[Black "Wasik, Mateusz"]
[Result "1-0"]
[WhiteElo "2004"]
[BlackElo "1693"]
[PlyCount "77"]
[EventDate "2018.??.??"]

1. e4 c5 2. Nf3 Nc6 3. d4 cxd4 4. Nxd4 Qb6 5. Nb3 Nf6 6. Nc3 e6 7. Be3 Qc7 8.
Be2 a6 9. a3 b5 10. O-O Bb7 11. f4 d6 12. Bf3 Be7 13. Qd2 O-O 14. Qf2 b4 15.
axb4 Nxb4 16. Bb6 Qb8 17. Rad1 d5 18. e5 Nd7 19. Be3 Rc8 20. Bd4 a5 21. Rfe1 a4
22. Nc1 Nc6 23. Nd3 Nxd4 24. Qxd4 a3 25. bxa3 Rxa3 26. Nb5 Ra2 27. Rb1 Raxc2
28. f5 R2c4 29. Qe3 Nc5 30. Nd6 Bxd6 31. exd6 Ne4 32. Bxe4 Rxe4 33. Qb6 Rxe1+
34. Nxe1 exf5 35. Qxb7 Qxb7 36. Rxb7 g6 37. d7 Rd8 38. Nd3 Kf8 39. Nb4 1-0

[Event "Talent CUP 2018 - A"]
[Site "?"]
[Date "2018.12.14"]
[Round "3.1"]
[White "Wilk, Igor"]
[Black "Mica, Marek"]
[Result "0-1"]
[WhiteElo "1541"]
[BlackElo "2115"]
[PlyCount "74"]
[EventDate "2018.??.??"]

1. e4 c6 2. d4 d5 3. exd5 cxd5 4. Bd3 Nc6 5. c3 Qc7 6. Nf3 Nf6 7. O-O Bg4 8.
Re1 e6 9. Bg5 Bd6 10. h3 Bh5 11. Nbd2 O-O 12. Qc2 Bg6 13. Bxg6 hxg6 14. Qd3 b5
15. Qe2 Rfc8 16. Ne5 Bxe5 17. dxe5 Nd7 18. f4 b4 19. c4 Nd4 20. Qd3 Qc5 21. Kh1
dxc4 22. Qe4 c3 23. bxc3 bxc3 24. Nf3 Nxf3 25. Qxf3 Nb6 26. Bh4 Qc6 27. Qxc6
Rxc6 28. Rac1 Nd5 29. Bg3 Rb8 30. Re2 Rb2 31. Rec2 Ra6 32. Rxc3 Nxc3 33. Rxc3
Raxa2 34. Rc8+ Kh7 35. f5 gxf5 36. Bf4 Rxg2 37. Rc7 Rgf2 0-1

[Event "Talent CUP 2018 - A"]
[Site "?"]
[Date "2018.12.14"]
[Round "3.2"]
[White "Gebauer, Adam"]
[Black "Gnojek, Petr"]
[Result "0-1"]
[WhiteElo "1489"]
[BlackElo "2029"]
[PlyCount "152"]
[EventDate "2018.??.??"]

1. e4 c5 2. Nf3 d6 3. c3 Nf6 4. Qc2 Nc6 5. d4 cxd4 6. cxd4 e6 7. Nc3 d5 8. e5
Ne4 9. Nxe4 dxe4 10. Qxe4 Bb4+ 11. Bd2 Bxd2+ 12. Kxd2 Qa5+ 13. Ke3 Nb4 14. Bd3
Bd7 15. a3 Nd5+ 16. Ke2 Bb5 17. g3 Qb6 18. Rab1 Rc8 19. Bxb5+ Qxb5+ 20. Qd3 Qa4
21. Rhc1 Ke7 22. Nd2 Rhd8 23. Rc4 Rxc4 24. Qxc4 Qxc4+ 25. Nxc4 Rc8 26. Kd3 f6
27. f4 fxe5 28. fxe5 Rf8 29. Ke2 Rc8 30. Kd3 Rf8 31. Re1 Kd7 32. Nd6 Rf3+ 33.
Kd2 b6 34. Re2 Kc6 35. Re1 Ne7 36. Re3 Rf2+ 37. Re2 Rf1 38. Kc3 Kd5 39. Nb5
Rf3+ 40. Kc2 Nf5 41. Rd2 Kc4 42. Nd6+ Nxd6 43. exd6 Rf7 44. Re2 Kd5 45. d7 Rxd7
46. Kd3 Rf7 47. Re5+ Kd6 48. Re2 Rf5 49. Ke4 h5 50. Kd3 Kd5 51. Re3 g5 52. a4
g4 53. b3 Rf3 54. h4 a5 55. Rxf3 gxf3 56. Ke3 f2 57. Kxf2 Kxd4 58. Ke2 Ke4 59.
Kf2 Kf5 60. Kf3 e5 61. Ke3 Kg4 62. Ke4 Kxg3 63. Kxe5 Kxh4 64. Kf4 Kh3 65. Ke5
h4 66. Kd6 Kg4 67. Kc6 h3 68. Kxb6 h2 69. Kxa5 h1=Q 70. b4 Qa8+ 71. Kb5 Kf5 72.
a5 Ke6 73. a6 Kd6 74. Kb6 Qb8+ 75. Ka5 Kc6 76. a7 Qxa7# 0-1

[Event "Talent CUP 2018 - A"]
[Site "?"]
[Date "2018.12.14"]
[Round "3.3"]
[White "Dylag, Emilia"]
[Black "Kovar, Matej"]
[Result "1-0"]
[WhiteElo "2015"]
[BlackElo "1482"]
[PlyCount "41"]
[EventDate "2018.??.??"]

1. Nf3 e6 2. g3 d5 3. Bg2 Nf6 4. O-O Be7 5. d3 O-O 6. Nbd2 Nbd7 7. e4 b6 8. e5
Ne8 9. Re1 Bb7 10. Nf1 c5 11. h4 d4 12. h5 h6 13. N1h2 Rb8 14. Ng4 Bxf3 15.
Qxf3 Bg5 16. Qe2 Bxc1 17. Raxc1 Nc7 18. f4 f5 19. exf6 Nxf6 20. Ne5 Nd7 21. Nc6
1-0

[Event "Talent CUP 2018 - A"]
[Site "?"]
[Date "2018.12.14"]
[Round "3.4"]
[White "Pawlak, Emilia"]
[Black "Sandor, Martin"]
[Result "1/2-1/2"]
[WhiteElo "1482"]
[BlackElo "2004"]
[PlyCount "59"]
[EventDate "2018.??.??"]

1. e4 c5 2. Nf3 d6 3. d4 cxd4 4. Nxd4 Nf6 5. Nc3 a6 6. h3 e5 7. Nde2 Be6 8. g4
Be7 9. Bg2 Nc6 10. Ng3 Rc8 11. Nd5 Nd7 12. O-O O-O 13. f4 Bh4 14. Nf5 Bxf5 15.
exf5 Nb6 16. Kh2 Nxd5 17. Bxd5 Qc7 18. c3 Kh8 19. Bg2 Rcd8 20. g5 exf4 21. Bxf4
Ne5 22. Qh5 Qb6 23. g6 fxg6 24. Qxh4 gxf5 25. Rad1 Rde8 26. Qg5 g6 27. Bc1 Qc7
28. Bf4 Qb6 29. Bc1 Qc7 30. Bf4 1/2-1/2

[Event "Talent CUP 2018 - A"]
[Site "?"]
[Date "2018.12.14"]
[Round "3.5"]
[White "Przybylik, Kacper"]
[Black "Nytra, Ondrej"]
[Result "0-1"]
[WhiteElo "1203"]
[BlackElo "1849"]
[PlyCount "58"]
[EventDate "2018.??.??"]

1. e4 e5 2. Nf3 Nc6 3. d4 exd4 4. Nxd4 Nf6 5. Nc3 Bb4 6. Nxc6 bxc6 7. Bd2 O-O
8. Bd3 Re8 9. f3 d5 10. Qe2 dxe4 11. Nxe4 Bxd2+ 12. Qxd2 Nxe4 13. fxe4 Bg4 14.
O-O Bh5 15. Qc3 Qd6 16. Rae1 Re5 17. Be2 Bxe2 18. Rxe2 Rae8 19. Qf3 f6 20. Re3
Qc5 21. Rf2 f5 22. Rc3 Qd4 23. Rd3 Qxb2 24. exf5 Re1+ 25. Rf1 Qb6+ 26. Qf2
Rxf1+ 27. Kxf1 Qb1+ 28. Rd1 Qxd1+ 29. Qe1 Qxe1# 0-1

[Event "Talent CUP 2018 - A"]
[Site "?"]
[Date "2018.12.14"]
[Round "3.6"]
[White "Stalmach, Richard"]
[Black "Day, Tobias"]
[Result "1-0"]
[WhiteElo "2122"]
[BlackElo "1477"]
[PlyCount "65"]
[EventDate "2018.??.??"]

1. d4 f5 2. e4 fxe4 3. Nc3 Nf6 4. Bg5 Nc6 5. d5 Ne5 6. Qe2 Nf7 7. Bxf6 exf6 8.
Nxe4 Be7 9. d6 cxd6 10. O-O-O O-O 11. Qc4 Kh8 12. Nf3 b6 13. Bd3 Bb7 14. Ng3
Ne5 15. Nxe5 dxe5 16. Bf5 d5 17. Qh4 h6 18. Qh5 Qe8 19. Bg6 Qa4 20. Nf5 Qf4+
21. Kb1 Bc5 22. h4 e4 23. g3 Qc7 24. g4 Bc8 25. g5 Bxf5 26. Bxf5 fxg5 27. Qg6
Rxf5 28. Qxf5 Rf8 29. Qxd5 Rxf2 30. hxg5 Be7 31. Qa8+ Rf8 32. Qd5 Rd8 33. Qf7
1-0

[Event "Talent CUP 2018 - A"]
[Site "?"]
[Date "2018.12.15"]
[Round "4.1"]
[White "Mica, Marek"]
[Black "Dylag, Emilia"]
[Result "1-0"]
[WhiteElo "2115"]
[BlackElo "2015"]
[PlyCount "109"]
[EventDate "2018.??.??"]

1. d4 Nf6 2. c4 g6 3. Nf3 Bg7 4. g3 O-O 5. Bg2 d6 6. O-O Nbd7 7. Nc3 e5 8. e4
c6 9. h3 Qb6 10. dxe5 dxe5 11. Qc2 Re8 12. Be3 Qc7 13. Rad1 a5 14. Rd2 a4 15.
Ne1 Qa5 16. Nd3 b5 17. cxb5 cxb5 18. b4 axb3 19. Qxb3 Nb6 20. Bxb6 Qxb6 21.
Qxb5 Qa7 22. Nc5 Bf8 23. Nd5 Nxd5 24. Rxd5 Ba6 25. Nxa6 Qxa6 26. Rxe5 Qxb5 27.
Rxb5 Rxa2 28. Rfb1 Rd8 29. R5b2 Rxb2 30. Rxb2 Rd1+ 31. Kh2 Bc5 32. h4 f6 33.
Kh3 Rd3 34. h5 Kg7 35. Kg4 Kh6 36. hxg6 hxg6 37. Rc2 Bb4 38. Rc6 Rd6 39. Rc4
Be1 40. f4 f5+ 41. exf5 gxf5+ 42. Kxf5 Bxg3 43. Be4 Bxf4 44. Kxf4 Kg7 45. Kf5
Rf6+ 46. Kg5 Rf7 47. Bg6 Ra7 48. Bf5 Rb7 49. Rh4 Rb6 50. Rh7+ Kg8 51. Ra7 Rb2
52. Kf6 Rb8 53. Be6+ Kh8 54. Kg6 Rb7 55. Ra8+ 1-0

[Event "Talent CUP 2018 - A"]
[Site "?"]
[Date "2018.12.15"]
[Round "4.2"]
[White "Gnojek, Petr"]
[Black "Nytra, Ondrej"]
[Result "1/2-1/2"]
[WhiteElo "2029"]
[BlackElo "1849"]
[PlyCount "70"]
[EventDate "2018.??.??"]

1. d4 d5 2. c4 e6 3. Nc3 c6 4. e3 Nf6 5. Nf3 Bd6 6. Bd3 O-O 7. O-O Nbd7 8. cxd5
exd5 9. Qc2 Re8 10. Rb1 Nb6 11. e4 dxe4 12. Nxe4 Nbd5 13. Nxf6+ Nxf6 14. Bg5 h6
15. Bh4 Bg4 16. Rfe1 Bxf3 17. Rxe8+ Qxe8 18. gxf3 g5 19. Bg3 Bxg3 20. hxg3 Qe7
21. Bc4 Kg7 22. Qc3 Rd8 23. Rd1 Nd5 24. Qa5 b6 25. Qd2 Qf6 26. Qe2 Rd7 27. Qe5
Re7 28. Qxf6+ Kxf6 29. Bd3 Ke6 30. Rc1 Kd6 31. Be4 Re8 32. a3 h5 33. Kg2 f5 34.
Bd3 f4 35. Be4 Rh8 1/2-1/2

[Event "Talent CUP 2018 - A"]
[Site "?"]
[Date "2018.12.15"]
[Round "4.3"]
[White "Pawlak, Emilia"]
[Black "Stalmach, Richard"]
[Result "0-1"]
[WhiteElo "1482"]
[BlackElo "2122"]
[PlyCount "96"]
[EventDate "2018.??.??"]

1. e4 c5 2. Nf3 e6 3. d3 Nc6 4. Nbd2 g6 5. g3 Bg7 6. Bg2 Nge7 7. Qe2 d5 8. O-O
O-O 9. Rb1 b5 10. e5 Qc7 11. Re1 f6 12. exf6 Bxf6 13. Nf1 Nf5 14. c3 Qg7 15.
Ng5 Nd8 16. Nf3 Nc6 17. Ng5 Nd8 18. Nf3 Nf7 19. h3 h6 20. N1h2 Bd7 21. Ng4 Rae8
22. Nge5 Nxe5 23. Nxe5 g5 24. Bf3 Bxe5 25. Qxe5 Qxe5 26. Rxe5 Nxg3 27. Kg2 Nf5
28. Bh5 Re7 29. b3 Nh4+ 30. Kg3 Rf5 31. Re1 a5 32. Be3 c4 33. dxc4 bxc4 34.
bxc4 dxc4 35. Rb8+ Kh7 36. Bd4 e5 37. Bg4 Ref7 38. Bxe5 Rf3+ 39. Kh2 Rxf2+ 40.
Kg1 Bxg4 41. Rh8+ Kg6 42. Rg8+ Kh5 43. hxg4+ Kxg4 44. Re4+ Kh3 45. Re3+ R2f3
46. Re1 Ng2 47. Rh8 Nxe1 48. Rxh6+ Kg4 0-1

[Event "Talent CUP 2018 - A"]
[Site "?"]
[Date "2018.12.15"]
[Round "4.4"]
[White "Sandor, Martin"]
[Black "Hrbek, Jachym"]
[Result "1-0"]
[WhiteElo "2004"]
[BlackElo "1261"]
[PlyCount "121"]
[EventDate "2018.??.??"]

1. e4 c5 2. Nf3 d6 3. d4 cxd4 4. Qxd4 Nf6 5. e5 Nc6 6. Bb5 Nd7 7. Bxc6 bxc6 8.
exd6 exd6 9. O-O Nf6 10. Qc4 Qc7 11. Nd4 c5 12. Nc3 Be7 13. Bf4 Qb6 14. Qb5+
Bd7 15. Qxb6 axb6 16. Ndb5 Bxb5 17. Nxb5 Kd7 18. Rfd1 Ne8 19. c4 Kc6 20. a3 Rd8
21. a4 Nc7 22. Rd3 Rd7 23. Rad1 Rhd8 24. Nxc7 Kxc7 25. Rd5 Ra8 26. b3 Bf6 27.
Bxd6+ Kc6 28. Bf4 Rxd5 29. Rxd5 Be7 30. Kf1 Re8 31. Rd3 f6 32. g4 Rf8 33. Re3
Bd8 34. Re6+ Kd7 35. Rd6+ Ke7 36. Rd3 Ke6 37. Ke2 g5 38. Bg3 Rg8 39. f3 Kf7 40.
Rd7+ Kg6 41. Kd2 h5 42. Ke2 Re8+ 43. Kf2 hxg4 44. fxg4 Rh8 45. Kg2 Re8 46. Kf3
Kh6 47. Bc7 Bxc7 48. Rxc7 Re6 49. a5 bxa5 50. Rxc5 Rb6 51. Rb5 Ra6 52. Ke4 a4
53. bxa4 Rxa4 54. Kd5 Ra2 55. c5 Rxh2 56. Rb4 Rd2+ 57. Rd4 Rc2 58. c6 Kg7 59.
Rc4 Rd2+ 60. Kc5 Kf8 61. c7 1-0

[Event "Talent CUP 2018 - A"]
[Site "?"]
[Date "2018.12.15"]
[Round "4.5"]
[White "Frank, Adam"]
[Black "Vecera, Dominik"]
[Result "1-0"]
[WhiteElo "2152"]
[BlackElo "1411"]
[PlyCount "51"]
[EventDate "2018.??.??"]

1. e4 e6 2. d4 d5 3. Nd2 Nf6 4. e5 Nfd7 5. Bd3 c5 6. c3 b6 7. Ne2 Ba6 8. Bb1
Nc6 9. Nf3 Be7 10. O-O Rc8 11. Re1 cxd4 12. cxd4 Na5 13. Nf4 O-O 14. Nh5 Re8
15. h4 Bxh4 16. b4 Nc4 17. Nxh4 Qxh4 18. g3 Qe7 19. Kg2 g6 20. Rh1 Red8 21. Qg4
Qxb4 22. Nf6+ Nxf6 23. exf6 Kf8 24. Rxh7 Ke8 25. Qxe6+ fxe6 26. Bxg6+ 1-0

[Event "Talent CUP 2018 - A"]
[Site "?"]
[Date "2018.12.15"]
[Round "4.6"]
[White "Day, Tobias"]
[Black "Bochnicka, Vladimir"]
[Result "0-1"]
[WhiteElo "1477"]
[BlackElo "2106"]
[PlyCount "66"]
[EventDate "2018.??.??"]

1. e4 e5 2. Nf3 Nf6 3. Bc4 Nxe4 4. Nc3 Nxc3 5. dxc3 f6 6. O-O d6 7. h3 c6 8.
Re1 d5 9. Bb3 a5 10. a4 Bc5 11. Qe2 O-O 12. Be3 Bxe3 13. fxe3 Be6 14. Rad1 Bf7
15. c4 Na6 16. cxd5 cxd5 17. Qb5 Nc7 18. Qxb7 Qd6 19. Bxd5 Bxd5 20. Rxd5 Nxd5
21. Rd1 Rfd8 22. c4 Qb6 23. Qxb6 Nxb6 24. Rxd8+ Rxd8 25. b3 Rd3 26. c5 Rxb3 27.
cxb6 Rxb6 28. Kf2 Rb4 29. Ke2 Rxa4 30. Kd1 Rb4 31. Kc2 a4 32. Ne1 a3 33. Nd3 a2
0-1

[Event "Talent CUP 2018 - A"]
[Site "?"]
[Date "2018.12.15"]
[Round "5.1"]
[White "Nytra, Ondrej"]
[Black "Mica, Marek"]
[Result "0-1"]
[WhiteElo "1849"]
[BlackElo "2115"]
[PlyCount "84"]
[EventDate "2018.??.??"]

1. e4 c6 2. d4 d5 3. e5 Bf5 4. c3 e6 5. f4 Nd7 6. Nf3 c5 7. Be3 Rc8 8. Nbd2 h5
9. Be2 Be7 10. a3 Bg6 11. Ra2 Nh6 12. O-O Nf5 13. Bf2 O-O 14. b4 cxb4 15. cxb4
Rc3 16. Nb1 Rc6 17. Qd2 Nb6 18. Bb5 Nc4 19. Qe2 Rc7 20. Nbd2 Nxd2 21. Qxd2 a6
22. Bd3 Qd7 23. Rc2 Rxc2 24. Bxc2 Rc8 25. Bxf5 Bxf5 26. Rc1 Rc6 27. Rc3 Qc7 28.
Be1 Rc4 29. h3 Kf8 30. Nh2 Be4 31. Nf1 Ke8 32. g3 Kd7 33. Kf2 Rxc3 34. Qxc3
Qxc3 35. Bxc3 Kc6 36. g4 Bh4+ 37. Ke2 hxg4 38. hxg4 g5 39. fxg5 Bxg5 40. a4 Bc2
41. a5 Kb5 42. Bd2 Be7 0-1

[Event "Talent CUP 2018 - A"]
[Site "?"]
[Date "2018.12.15"]
[Round "5.3"]
[White "Frank, Adam"]
[Black "Sandor, Martin"]
[Result "1-0"]
[WhiteElo "2152"]
[BlackElo "2004"]
[PlyCount "81"]
[EventDate "2018.??.??"]

1. e4 c5 2. Nf3 d6 3. d4 cxd4 4. Nxd4 Nf6 5. Nc3 a6 6. Be2 e5 7. Nb3 Be7 8. f4
b5 9. a3 Bb7 10. Bf3 Nbd7 11. O-O Rc8 12. Qe1 O-O 13. f5 Nc5 14. Bg5 Nfd7 15.
Bxe7 Qxe7 16. Rd1 f6 17. Na5 Nb6 18. Nxb7 Qxb7 19. b3 Rfd8 20. Nd5 Nxd5 21.
Rxd5 Qb6 22. Kh1 Nb7 23. Rf2 Rc6 24. Bd1 Nc5 25. Rf3 Nd7 26. Rh3 Nf8 27. Qd2
Qc7 28. Rhd3 Kh8 29. h3 Kg8 30. Kh2 Rd7 31. c4 bxc4 32. bxc4 Kf7 33. Ba4 Ke7
34. Bxc6 Qxc6 35. Qb4 a5 36. Qb5 Qc7 37. c5 dxc5 38. Rxc5 Qa7 39. Rxd7+ Nxd7
40. Rd5 Nf8 41. Qxa5 1-0

[Event "Talent CUP 2018 - A"]
[Site "?"]
[Date "2018.12.15"]
[Round "5.4"]
[White "Bochnicka, Vladimir"]
[Black "Owoc, Jakub"]
[Result "1-0"]
[WhiteElo "2106"]
[BlackElo "1502"]
[PlyCount "97"]
[EventDate "2018.??.??"]

1. e4 c6 2. d4 d5 3. exd5 cxd5 4. Bd3 Nf6 5. h3 e6 6. c3 Bd6 7. Nf3 Nc6 8. O-O
Bd7 9. Re1 O-O 10. Ne5 Qc7 11. Bf4 Ne7 12. Nd2 Ng6 13. Bg3 Rfd8 14. Rc1 Qb6 15.
Ndc4 dxc4 16. Nxc4 Qc6 17. Nxd6 a6 18. Be2 Bc8 19. Bf3 Qb6 20. Nc4 Qb5 21. Qb3
Nd5 22. Bxd5 Qxd5 23. Nb6 Qxb3 24. axb3 Bd7 25. Nxa8 Rxa8 26. c4 f6 27. d5 e5
28. c5 Ne7 29. Red1 Kf7 30. f3 Rc8 31. Be1 g6 32. Bb4 Nf5 33. Kf2 Nd4 34. Rc3
Bb5 35. Ke3 Nf5+ 36. Kf2 Nd4 37. f4 Ne2 38. fxe5 Nxc3 39. e6+ Ke8 40. bxc3 a5
41. d6 Ra8 42. d7+ Kd8 43. Bxa5+ Rxa5 44. e7+ Kxe7 45. d8=Q+ Ke6 46. Re1+ Be2
47. Rxe2+ Kf5 48. Qd5+ Kf4 49. g3# 1-0